| 000 | 00811nam a2200217Ia 4500 | ||
|---|---|---|---|
| 001 | Z_3403 | ||
| 008 | 220601s9999 xx 000 0 und d | ||
| 020 | _a-84-7000 | ||
| 082 | _a636.089 A5y | ||
| 100 |
_aAinsworth, Geoffrey Clough _93133 |
||
| 245 | _aMicosis de los animales / por Geoffrey Clough Ainsworth y P.K.C. Austwik | ||
| 260 | _aLeon : Ed. Academia | ||
| 300 | _a270 p | ||
| 500 | _aTítulo original: Fungal Discases of Animal.Publicado por Commonwealth Agricultural Bureaux N.6 de la serie de reviciones del Commonwealth Boreau of Animal Health. | ||
| 650 |
_a1. Micosis 2. Hongos patógenos 3. Veterinaria I. Austwik, P. K. C.Ì _9180396 |
||
| 901 | _a636.089 A5Y | ||
| 902 | _aM | ||
| 905 | _a0000001973 0000000000 00 | ||
| 942 | _c1 | ||
| 999 |
_c216910 _d216910 |
||